000 00596cam a2200193 a 4500
001 000009631
005 20200929161641.0
008 751029s1973 ck 000 1 spa
040 _aDO-SdBNP
_bspa
_cBNPHU
082 _aCo863.44
_bS718v
100 1 _aSoto Aparicio, Fernando,
_d1933-
_924127
245 1 0 _aViaje al pasado :
_bnovela /
_cFernando Soto Aparicio.
260 _aMedellĂ­n :
_bBedout,
_c1973.
300 _a276 p. ;
_c19 cm.
490 1 _aBolsilibros Bedout
_v75
650 4 _aNovela colombiana
_91243
650 4 _aLiteratura colombina
_924486
830 0 _aBolsilibros Bedout,
_v75
_93750
999 _c9391
_d9391